Statistics for Countries, US States, Capitals, Elements, 100 Most Common Words: Unique First Two Letters

Click here to take the quiz!

General Stats

  • This quiz has been taken 741 times
  • The average score is 47 of 69

Answer Stats

First 2 letters ANSWER % Correct
CZCzech Republic
94%
WYWyoming
91%
GHGhana
91%
AZAzerbaijan
91%
QAQatar
90%
UGUganda
89%
UZUzbekistan
89%
CYCyprus
88%
RWRwanda
88%
CRCroatia
87%
OHOhio
86%
BHBhutan
84%
ILIllinois
84%
ELEl Salvador
84%
HUHungary
83%
UKUkraine
83%
ESEstonia
83%
IDIdaho
82%
ECEcuador
80%
MYMy
80%
XEXenon
79%
ICIceland
78%
LJLjubljana
77%
IFIf
77%
JOJordan
76%
EQEquatorial Guinea
76%
OFOf
75%
UTUtah
75%
OXOxygen
74%
SYSyria
74%
TBTbilisi
72%
DHDhaka
72%
BYBy
71%
ETEthiopia
70%
UPUp
70%
KYKyrgyzstan
69%
OMOman
68%
KOKosovo
67%
EAEast Timor
65%
FOFor
65%
ULUlaanbaatar
65%
MBMbabane
63%
EGEgypt
63%
QUQuito
63%
KNKnow
62%
KRKrypton
61%
OVOver
60%
APApia
58%
KHKhartoum
58%
NDN'Djamena
58%
FUFunafuti
58%
HYHydrogen
57%
PYPyongyang
56%
DIDili
55%
EUEuropium
55%
TWTwo
55%
ADAddis Ababa
55%
EVEven
53%
SKSkopje
52%
SCScandium
52%
EIEinsteinium
52%
SHShe
51%
NGNgerulmud
46%
GIGive
44%
NUNuku'alofa
41%
DYDysprosium
41%
MUMuscat
39%
OLOlympia
35%
PIPierre
24%

Score Distribution

Percentile by Number Answered

Percent of People with Each Score

Your Score History

You have not taken this quiz